| 000 | nam a22 7a 4500 | ||
|---|---|---|---|
| 999 |
_c15304 _d15304 |
||
| 005 | 20200721100518.0 | ||
| 008 | 200721b xxu||||| |||| 00| 0 eng d | ||
| 040 | _cy7eykw | ||
| 050 | _aHV6771.A78F54 | ||
| 245 | _aFighting bribery in public procurement in asia and the pacific | ||
| 260 |
_aAsia _bAsia Development bank _c2008 |
||
| 300 | _a246,p. | ||
| 942 |
_2lcc _cOS _hHV6771.A78F54 |
||